[Event "Sofia Hemus op 48th"]
[Site "Sofia"]
[Date "2009.08.08"]
[Round "1"]
[White "Zhotev, Jasen"]
[Black "Ivanov, Oleg2222"]
[Result "1-0"]
[WhiteElo "2086"]
[BlackElo "1828"]
[PlyCount "41"]
[EventDate "2009.08.08"]
[EventType "swiss"]
[EventRounds "6"]
[EventCountry "BUL"]
[SourceTitle "CBM 131 Extra"]
[Source "ChessBase"]
[SourceDate "2009.09.03"]
[SourceVersion "2"]
[SourceVersionDate "2009.09.16"]
[SourceQuality "1"]

1. e4 e5 2. Nf3 Qe7 3. Bc4 Nc6 4. Nc3 Nf6 5. Ng5 d5 6. exd5 Na5 7. d6 cxd6 8. Bxf7+ Kd8 9. Bb3 Nxb3 10. axb3 d5 11. 0-0 h6 12. Nf3 Bg4 13. d3 a6 14. Re1 Rc8 15. Bf4 Nd7 16. h3 Bh5 17. g4 Bf7 18. Nxe5 Nxe5 19. Bxe5 Qh4 20. Qf3 Bg8 21. Qxf8+ 1-0

[Event "Dos Hermanas Internet qual-A 10th"]
[Site "ICC INT"]
[Date "2009.03.13"]
[Round "12"]
[White "Pahlevanzadeh, Merdad"]
[Black "Zhotev, Jasen"]
[Result "1-0"]
[WhiteElo "2136"]
[BlackElo "2086"]
[PlyCount "77"]
[EventDate "2009.03.13"]
[EventType "swiss (blitz)"]
[EventRounds "12"]
[EventCountry "ESP"]
[SourceTitle "CBM 129 Extra"]
[Source "ChessBase"]
[SourceDate "2009.05.05"]
[SourceVersion "2"]
[SourceVersionDate "2009.05.20"]
[SourceQuality "1"]

1. e4 c5 2. Nf3 Nc6 3. d4 cxd4 4. Nxd4 g6 5. c4 Bg7 6. Be3 Nf6 7. Nc3 d6 8. Be2 0-0 9. 0-0 Bd7 10. Qd2 Nxd4 11. Bxd4 Bc6 12. f3 a5 13. Rfe1 a4 14. Rad1 Qc7 15. Bf1 Nd7 16. Bxg7 Kxg7 17. Nd5 Bxd5 18. exd5 Ne5 19. f4 Ng4 20. h3 Nf6 21. Re3 Rac8 22. Rde1 Rfe8 23. Qd4 Kf8 24. g4 Qc5 25. Qc3 Kg8 26. Kh2 Qc7 27. Qd4 e5 28. dxe6 Rxe6 29. Rxe6 fxe6 30. Qxf6 Rf8 31. Qxe6+ Kh8 32. Kg3 Qc5 33. Qe7 Qg1+ 34. Bg2 Rg8 35. Rxg1 d5 36. Qf6+ Rg7 37. Re1 h5 38. Re7 h4+ 39. Kxh4 1-0

[Event "Dos Hermanas Internet qual-A 10th"]
[Site "ICC INT"]
[Date "2009.03.13"]
[Round "4"]
[White "Zhotev, Jasen"]
[Black "Permuy Lorenzo, Carlos Javier"]
[Result "1/2-1/2"]
[WhiteElo "2086"]
[BlackElo "2300"]
[PlyCount "123"]
[EventDate "2009.03.13"]
[EventType "swiss (blitz)"]
[EventRounds "12"]
[EventCountry "ESP"]
[SourceTitle "CBM 129 Extra"]
[Source "ChessBase"]
[SourceDate "2009.05.05"]
[SourceVersion "2"]
[SourceVersionDate "2009.05.20"]
[SourceQuality "1"]

1. e4 c5 2. Nf3 d6 3. d4 cxd4 4. Nxd4 Nf6 5. Nc3 g6 6. Be3 Bg7 7. f3 Nc6 8. Qd2 0-0 9. 0-0-0 Nxd4 10. Bxd4 Be6 11. Kb1 Qc7 12. h4 Rfc8 13. g4 Qa5 14. a3 Rab8 15. h5 b5 16. hxg6 fxg6 17. g5 Nh5 18. Bxg7 Nxg7 19. Nd5 Qxd2 20. Rxd2 Bxd5 21. Rxd5 b4 22. a4 Rc5 23. Rxc5 dxc5 24. Bc4+ e6 25. Rd1 Rb7 26. Rd6 Rf7 27. Bxe6 Nxe6 28. Rxe6 Rxf3 29. Rc6 Re3 30. Rxc5 Rxe4 31. Ra5 Rg4 32. Ka2 a6 33. Kb3 h5 34. gxh6 Kh7 35. Rxa6 Kxh6 36. Rb6 Kh5 37. a5 Rf4 38. a6 Rf8 39. Kxb4 g5 40. a7 Ra8 41. Ra6 g4 42. Ra3 Kh4 43. Kb5 g3 44. Rxg3 Rxa7 45. Ra3 Rb7+ 46. Kc4 Rxb2 47. Kd3 Kg5 48. Ra6 Kf5 49. Rd6 Ke5 50. Rd8 Ke6 51. c4 Rb1 52. Kc3 Rb7 53. c5 Rd7 54. Rxd7 Kxd7 55. Kc4 Kc6 56. Kd4 Kc7 57. Kd5 Kd7 58. c6+ Kc7 59. Kc5 Kc8 60. Kd6 Kd8 61. c7+ Kc8 62. Kc6 1/2-1/2

[Event "Dos Hermanas Internet qual-A 10th"]
[Site "ICC INT"]
[Date "2009.03.13"]
[Round "6"]
[White "Zhotev, Jasen"]
[Black "Pichler, Andreas"]
[Result "0-1"]
[WhiteElo "2086"]
[BlackElo "2047"]
[PlyCount "56"]
[EventDate "2009.03.13"]
[EventType "swiss (blitz)"]
[EventRounds "12"]
[EventCountry "ESP"]
[SourceTitle "CBM 129 Extra"]
[Source "ChessBase"]
[SourceDate "2009.05.05"]
[SourceVersion "2"]
[SourceVersionDate "2009.05.20"]
[SourceQuality "1"]

1. e4 c5 2. Nf3 d6 3. Bb5+ Bd7 4. Bxd7+ Qxd7 5. d3 Nc6 6. Qe2 e6 7. Nc3 Be7 8. Be3 Nf6 9. 0-0-0 0-0 10. h4 a6 11. h5 h6 12. d4 cxd4 13. Nxd4 Ne5 14. f3 Qc7 15. g4 Nc4 16. g5 Nxe3 17. gxf6 Nxd1 18. fxe7 Qxe7 19. Nxd1 Qf6 20. Qe3 b5 21. Rg1 Rac8 22. f4 Kh8 23. f5 e5 24. Nf3 Rfd8 25. Nc3 d5 26. Nxd5 Rxd5 27. exd5 Qxf5 28. Qxe5 Qxc2# 0-1

[Event "Teteven op 23rd"]
[Site "Teteven"]
[Date "2008.08.21"]
[Round "8"]
[White "Nikolova, Adriana"]
[Black "Zhotev, Jasen"]
[Result "1-0"]
[WhiteElo "2242"]
[BlackElo "2084"]
[PlyCount "49"]
[EventDate "2008.08.16"]
[EventType "swiss"]
[EventRounds "9"]
[EventCountry "BUL"]
[SourceTitle "CBM 126 Extra"]
[Source "ChessBase"]
[SourceDate "2008.11.05"]
[SourceVersion "1"]
[SourceVersionDate "2008.11.05"]
[SourceQuality "1"]

1. e4 c5 2. Nf3 Nc6 3. d4 cxd4 4. Nxd4 g6 5. Nc3 Bg7 6. Be3 Nf6 7. Bc4 Qa5 8. 0-0 0-0 9. Nb3 Qc7 10. f4 d6 11. Be2 a6 12. a4 b6 13. Bf3 Bb7 14. Qe2 Rac8 15. Qf2 Nd7 16. Nd5 Qb8 17. Rfb1 b5 18. axb5 axb5 19. Nd4 Bxd4 20. Bxd4 Rfe8 21. Bg4 e6 22. Nf6+ Nxf6 23. Bxf6 h6 24. Qh4 Kh7 25. Ra3 1-0

[Event "Sofia Hemus op 10th"]
[Site "Sofia"]
[Date "2004.08.08"]
[Round "4"]
[White "Zhotev, Jasen"]
[Black "Evstatiev, Georgi"]
[Result "1-0"]
[WhiteElo "1975"]
[BlackElo "2195"]
[PlyCount "73"]
[EventDate "2004.08.07"]
[EventType "swiss"]
[EventRounds "6"]
[EventCountry "BUL"]
[SourceTitle "CBM 101 Extra"]
[Source "ChessBase"]
[SourceDate "2004.09.01"]
[SourceVersion "2"]
[SourceVersionDate "2004.09.01"]
[SourceQuality "1"]

1. e4 c5 2. Nf3 d6 3. d4 cxd4 4. Nxd4 Nf6 5. Nc3 a6 6. f3 Qc7 7. Be3 e5 8. Nb3 Be6 9. Qd2 Be7 10. g4 Nbd7 11. 0-0-0 Rc8 12. h4 b5 13. g5 Nh5 14. Rh2 0-0 15. Kb1 Nb6 16. Qf2 Rb8 17. Bd3 Na4 18. Ne2 Rfc8 19. f4 Bc4 20. Ng3 Nxg3 21. Qxg3 d5 22. exd5 Bd6 23. Rf2 Bxd5 24. Bxh7+ Kxh7 25. Rxd5 e4 26. h5 Qc6 27. g6+ Kh8 28. Rfd2 Bb4 29. h6 fxg6 30. hxg7+ Kg8 31. Rh2 Qxd5 32. Qxg6 Qd1+ 33. Bc1 Qxc2+ 34. Rxc2 Rxc2 35. Kxc2 Rb6 36. Qxe4 Bd6 37. Be3 1-0

[Event "Sofia Hemus op 10th"]
[Site "Sofia"]
[Date "2004.08.08"]
[Round "6"]
[White "Zhotev, Jasen"]
[Black "Ivanov, Emil"]
[Result "1-0"]
[WhiteElo "1975"]
[BlackElo "2135"]
[PlyCount "79"]
[EventDate "2004.08.07"]
[EventType "swiss"]
[EventRounds "6"]
[EventCountry "BUL"]
[SourceTitle "CBM 101 Extra"]
[Source "ChessBase"]
[SourceDate "2004.09.01"]
[SourceVersion "2"]
[SourceVersionDate "2004.09.01"]
[SourceQuality "1"]

1. e4 c5 2. Nf3 d6 3. d4 cxd4 4. Nxd4 Nf6 5. Nc3 a6 6. f3 e6 7. Be3 b5 8. Qd2 Bb7 9. g4 Be7 10. 0-0-0 Nc6 11. g5 Nd7 12. h4 Nc5 13. Nxc6 Bxc6 14. Qf2 Qa5 15. Kb1 b4 16. Ne2 Nd7 17. Nd4 Bb7 18. Rg1 Rc8 19. h5 g6 20. h6 0-0 21. Nb3 Qc7 22. Bd3 d5 23. exd5 Bxd5 24. f4 a5 25. Bd4 a4 26. Nd2 Nc5 27. Rc1 Qb7 28. b3 Nxd3 29. cxd3 Qa6 30. Nc4 axb3 31. axb3 Ra8 32. Qb2 Rfc8 33. Bh8 Bf8 34. Bg7 Bc5 35. Bh8 f6 36. gxf6 Qa2+ 37. Qxa2 Rxa2 38. f7+ Kxh8 39. Kxa2 Ra8+ 40. Kb1 1-0

[Event "Sofia Hemus op 04th"]
[Site "Sofia"]
[Date "2004.05.01"]
[Round "1.4"]
[White "Zhotev, Jasen"]
[Black "Karakehajov, Kalin"]
[Result "0-1"]
[WhiteElo "1975"]
[BlackElo "2330"]
[PlyCount "76"]
[EventDate "2004.05.01"]
[EventType "swiss"]
[EventRounds "6"]
[EventCountry "BUL"]
[SourceTitle "CBM 100 Extra"]
[Source "ChessBase"]
[SourceDate "2004.07.06"]
[SourceVersion "2"]
[SourceVersionDate "2004.07.06"]
[SourceQuality "1"]

1. e4 e5 2. Nf3 Nc6 3. Bb5 a6 4. Ba4 Nf6 5. Qe2 b5 6. Bb3 Bc5 7. c3 0-0 8. 0-0 Re8 9. d3 h6 10. h3 Bb7 11. Rd1 Bf8 12. Nbd2 Na5 13. Bc2 c5 14. Nf1 d5 15. Ng3 Qc7 16. Bd2 Rad8 17. Be1 c4 18. dxc4 Nxc4 19. b3 Nb6 20. Rac1 Ba3 21. Rb1 Bc5 22. b4 Bf8 23. Rbc1 Nc4 24. Bd3 Bc6 25. Bxc4 bxc4 26. exd5 Bxd5 27. Nd2 Be6 28. Nde4 Nd5 29. Nh5 f5 30. Nc5 Bxc5 31. bxc5 Bf7 32. Ng3 Nf4 33. Qe3 Be6 34. Rb1 Nxg2 35. Kxg2 f4 36. Qf3 fxg3 37. Qxg3 Bf5 38. Bd2 Bxb1 0-1